Welcome to CU Library Online Public Access Catalogue (OPAC)

Understanding and changing your management style / (Record no. 4442)

MARC details
000 -LEADER
fixed length control field 00875cam a22002414a 4500
001 - CONTROL NUMBER
control field 2157690
005 - DATE AND TIME OF LATEST TRANSACTION
control field 20250228172333.0
008 - FIXED-LENGTH DATA ELEMENTS--GENERAL INFORMATION
fixed length control field 990621s1999 caua b 001 0 eng
020 ## - INTERNATIONAL STANDARD BOOK NUMBER
International Standard Book Number 0787908584
050 00 - LIBRARY OF CONGRESS CALL NUMBER
Classification number HD38.2
Item number .B459 1999
082 00 - DEWEY DECIMAL CLASSIFICATION NUMBER
Classification number 658.4/09
Edition information 21
100 1# - MAIN ENTRY--PERSONAL NAME
Personal name Benfari, Robert.
245 10 - TITLE STATEMENT
Title Understanding and changing your management style /
Statement of responsibility, etc. Robert C. Benfari.
250 ## - EDITION STATEMENT
Edition statement 1st ed.
260 ## - PUBLICATION, DISTRIBUTION, ETC.
Place of publication, distribution, etc. San Francisco :
Name of publisher, distributor, etc. Jossey-Bass,
Date of publication, distribution, etc. c1999.
300 ## - PHYSICAL DESCRIPTION
Extent xiii, 282 p. :
Other physical details ill. ;
Dimensions 24 cm.
650 #0 - SUBJECT ADDED ENTRY--TOPICAL TERM
Topical term or geographic name entry element Executive ability.
650 #0 - SUBJECT ADDED ENTRY--TOPICAL TERM
Topical term or geographic name entry element Management.
856 42 - ELECTRONIC LOCATION AND ACCESS
Materials specified Contributor biographical information
Uniform Resource Identifier <a href="http://www.loc.gov/catdir/bios/wiley043/99027759.html">http://www.loc.gov/catdir/bios/wiley043/99027759.html</a>
856 42 - ELECTRONIC LOCATION AND ACCESS
Materials specified Publisher description
Uniform Resource Identifier <a href="http://www.loc.gov/catdir/description/wiley035/99027759.html">http://www.loc.gov/catdir/description/wiley035/99027759.html</a>
856 4# - ELECTRONIC LOCATION AND ACCESS
Materials specified Table of Contents
Uniform Resource Identifier <a href="http://www.loc.gov/catdir/toc/onix07/99027759.html">http://www.loc.gov/catdir/toc/onix07/99027759.html</a>
942 ## - ADDED ENTRY ELEMENTS (KOHA)
Source of classification or shelving scheme Library of Congress Classification
Koha item type Books
Suppress in OPAC No
999 ## -
-- 4442
-- 4442
Holdings
Withdrawn status Lost status Source of classification or shelving scheme Damaged status Not for loan Collection Home library Current library Shelving location Date acquired Total checkouts Full call number Barcode Date last seen Copy number Price effective from Koha item type
    Library of Congress Classification     Non-fiction Undergraduate Library (Christ Temple) Undergraduate Library (Christ Temple) General stacks 02/28/2025   HD36.2 BEN ulct00001464 02/28/2025 1 02/28/2025 Books
© 2023-2024 Copyright: Central University Libraries. All Rights Reserved | Created by: Mahone Tech Office